000
00298nam a22001337a 4500
008
180905b xxu||||| |||| 00| 0 eng d
020
_a
080181751
041
_a
eng
080
_a
574
100
_a
9
101
_a
MJE
245
_a
Forest For Whom And For What
_c
Marion.G
942
_2
udc
_c
BK
999
_c
47557
_d
47557